000 00677nam a2200217 a 4500
005 20191224041535.0
008 140221b1999 ck |||||rm||| 00| 0 spa d
040 _aCO-BoIAVH
_cCO-BoIAVH
041 _aspa
044 _ack
090 _aTE
_b0108
100 _aMartínez Nieto, Patricia
245 _aEvaluación de microorganismos fijadores asimbióticos de nitrógeno en Pinus patula y Lycopersicum esculentum
260 _aBogotá
_bPontificia Universidad Javeriana
_c1999
300 _a130 p.
650 _aMicroorganismos
650 _aFijación de nitrógeno
650 _aEctomicorrizas
650 _aSimbiosis
942 _cTESIS
_2z
_01
999 _c589
_d589